000 00424nam a2200157Ia 4500
008 210716s2003 xx 000 0 und d
020 _a8120323904
041 _aeng
082 _a005.8 NIIT
100 _aNiit.
245 _aHacking tools and techniques and incident handling.
250 _a1
260 _aNew Delhi
_bPHI Learning Pvt Ltd
_c2003
300 _axiii,366
650 _aCryptography-Data encryption(005.82)
999 _c186673
_d186673